Psychologie

Saved in:
Bibliographic Details
Main Author: Malapert, Paulin (autor)
Format: Book
Language:French
Published: París A. Hatier 1898
Series:Lecons de Philosophie
Subjects:
Tags: Add Tag
No Tags, Be the first to tag this record!

MARC

LEADER 00000nam a2200000 a 4500
001 UCY9130
003 CL-VaPUC
008 950713e18980000FR |||||||||||||||||fre|d
082 0 4 |a 150  |b MAL  |2 21 
100 |a Malapert, Paulin  |e autor  |9 341153 
245 1 0 |a Psychologie 
300 |a v 1 
942 |c BK 
945 |d 19950713 00:00:00  |a rbrito 
260 |a París  |b A. Hatier  |c 1898 
650 0 |a Psicología   |9 257863 
650 0 |a Inteligencia  |9 267038 
650 0 |a Vida afectiva  |9 341154 
650 7 |a HABITOS  |2 CL-VaPUC  |9 311931 
650 0 |a Memoria  |9 266549 
583 |a last modification  |c 19950713 00:00:00  |k Rodrigo Vera 
490 0 |a Lecons de Philosophie 
999 |c 236266  |d 236264 
952 |0 0  |1 0  |4 0  |6 150_000000000000000_MAL_1898  |7 0  |8 P  |9 244291  |a BIBEDU  |b BIBEDU  |c BIBEDU_PB  |d 2019-11-18  |h v.1  |i 3098184  |o 150 MAL 1898  |p 3098184  |r 2024-01-25  |w 2019-11-18  |y BK  |k FIL